| 000 | 00419nam a2200181Ia 4500 | ||
|---|---|---|---|
| 001 | 3506 | ||
| 005 | 20260306145648.0 | ||
| 008 | 260306t2009||||xx |||||||||||||| ||spa|| | ||
| 041 | _aESP | ||
| 082 |
_a282.8 _bN47B |
||
| 100 |
_aNewman, John Henry _eAUT |
||
| 245 | 0 | _aSermones parroquiales / 3 | |
| 260 | _c2009 | ||
| 300 |
_a357 páginas : _c23 cm. |
||
| 650 | _aGEN | ||
| 654 | _aCHU | ||
| 942 |
_cLIB _dJUS _fJUS _2ddc _n |
||
| 999 |
_c3506 _d3506 |
||